000 00574cam a22001934a 4500
005 20250605164210.0
008 250528s ||||||||||||||||||||||||d
035 _a20238
020 _a9602251239
040 _aGR-AtMCL
_bgre
_dGR-AtMCL
_eAACR2
245 1 _aΤο παιχνίδι του Κυνηγού
260 _bΕ.Ρώσση,
_c1994
300 _a36
520 _aΈνα εξαίρετο βιβλίο τρυφερότητας και λεπτών προβληματισμών.
700 1 _aGeraghty Paul
_96262
942 _cBK
999 _c5371
_d5371